| 000 | 00624nam a2200241 a 4500 | ||
|---|---|---|---|
| 001 | nice12345678 | ||
| 003 | IN_TiNIC | ||
| 005 | 20260116013518.0 | ||
| 008 | 050524s1989 dela grp 000 0 eng | ||
| 020 |
_a _c300 |
||
| 082 | 0 | 0 |
_a291.4 _bBHA |
| 100 | _aBattacharyya, N N | ||
| 245 |
_aMedieval Bhakti Movements in India _b Sri Caitanya Quincetenary Commemoration |
||
| 260 |
_aDelhi _bMunshiram Manoharlal Pub _c1989 |
||
| 300 | _a393p | ||
| 500 | _aincludes index and biblioraphy | ||
| 505 | 2 | _aIndex | |
| 650 | _aBhakti | ||
| 700 | 1 | _aBattacharyya, N N | |
| 902 | _bSRS | ||
| 942 | _cBK | ||
| 999 |
_c11279 _d11279 |
||